|
|
|
|
| LEADER |
00000nam0a2200000 4500 |
| 001 |
277134 |
| 005 |
20231101235004.0 |
| 035 |
|
|
|a (RuTPU)RU\TPU\book\300407
|
| 090 |
|
|
|a 277134
|
| 100 |
|
|
|a 20141128d1972 k y0rusy50 ca
|
| 101 |
0 |
|
|a rus
|
| 102 |
|
|
|a UA
|
| 105 |
|
|
|a a z 001zy
|
| 200 |
1 |
|
|a Рост и дефекты металлических кристаллов
|f Академия наук Украины (АНУ), Институт металлофизики ; под ред. Д. Е. Овсиенко
|
| 210 |
|
|
|a Киев
|c Наукова думка
|d 1972
|
| 215 |
|
|
|a 487 с.
|c ил.
|
| 320 |
|
|
|a Библиогр. в конце ст.
|
| 606 |
1 |
|
|a Кристаллы
|x Рост
|2 stltpush
|3 (RuTPU)RU\TPU\subj\16370
|9 42452
|
| 610 |
1 |
|
|a дефекты
|
| 610 |
1 |
|
|a металлические кристаллы
|
| 610 |
1 |
|
|a кинетика
|
| 610 |
1 |
|
|a устойчивость
|
| 610 |
1 |
|
|a примеси
|
| 610 |
1 |
|
|a выращивание
|
| 610 |
1 |
|
|a кристаллизация
|
| 675 |
|
|
|a 548.52
|v 4
|
| 702 |
|
1 |
|a Овсиенко
|b Д. Е.
|4 340
|
| 712 |
0 |
2 |
|a Академия наук Украины (АНУ)
|b Институт металлофизики
|2 stltpush
|3 (RuTPU)RU\TPU\col\8281
|
| 801 |
|
1 |
|a RU
|b 63413507
|c 20141128
|
| 801 |
|
2 |
|a RU
|b 63413507
|c 20171219
|g RCR
|
| 942 |
|
|
|c BK
|